Football Teams Russell Martin Played For - Statistics

General Stats
  • This quiz has been taken 5 times
  • The average score is 5 of 8
Answer Stats
Team % Correct
Rangers
100%
Scotland
100%
Norwich City
75%
Lewes
50%
Milton Keynes Dons
50%
Peterborough United
50%
Walsall
50%
Wycombe Wanderers
25%
No matching quizzes found
Score Distribution
Percent of People with Each Score
Percentile by Number Answered
Your Score History
You have not taken this quiz